| 000 | 00752nam a2200253 i 4500 | ||
|---|---|---|---|
| 001 | 17204 | ||
| 003 | ES-MaACL | ||
| 005 | 20231216062903.0 | ||
| 007 | t| | ||
| 008 | 010122s1999 sp ||||0| spa j | ||
| 020 | _a84-08-03038-3 | ||
| 040 |
_aM-BN _bspa _cM-BN |
||
| 080 | _a929:32(089.3) | ||
| 100 | 1 |
_aCarandell, Luis, _d1929-2002 _934959 |
|
| 245 | 1 | 4 |
_aLas anécdotas de la política _b: de Keops a Clinton / _cLuis Carandell. |
| 250 | _a1ª ed. | ||
| 260 |
_aBarcelona : _bPlaneta, _c1999. |
||
| 300 |
_a291 p. ; _c22 cm. |
||
| 490 | 1 | _aColección Anécdotas | |
| 650 | 1 | 4 |
_aPolíticos- _vAnécdotas. _916312 |
| 830 | 0 |
_aColección Anécdotas _9228696 |
|
| 852 |
_aES-MaACL _jL-24192 _bR.129544 |
||
| 999 |
_c17204 _d17204 |
||